000 00691nam a2200265Ia 4500
003 OSt
005 20221006152638.0
006 a|||||r|||| 00| 0
007 ta
008 221006b |||||||| |||| 00| 0 chi d
020 _a9787561903094
_cYu 20
024 _a29,173
037 _bGift, PRC
_cTextual
040 _aEASL
_cEASL
_bchi
041 _2chi
_achi
082 _aP41,7, 41P3
100 _aZHAO Hang qin
_9661308
245 0 _aHanyu xiezuo
260 _aBeijing
_bYuyan chubanshe China
_c2003
300 _a286p.
_ccm.
490 _v CL
650 _aCL
_9642733
942 _hP41,7, 41P3
_cTEXL
_2CC
999 _c1097259
_d1097259